00221nam a2200085Ia 4500008004100000100001300041245004900054260002300103260000900126170620s9999 xx 000 0 und d aBare act 0aRecovery of debts due to banks and Financial bUniversal Law Pub. c2006